• 首页
  • 本馆介绍
  • 公告通知
  • 最新文献
  • 馆藏检索
  • 电子资源
  • 读者导购
  • 参考咨询
  • 我的图书馆
  • 登录
  • 详细信息显示
  • 放入我的书架
  • 预约/预借图书
  • 作者相关作品
  • 分类相关作品
  • 丛书相关作品
  • 出版社相关作品

书目信息

  • 表格格式
  • 工作单格式
  • 卡片格式
题名:
河流水质原理及中国河流水质
    
 
作者: 陈静生 著
分册:  
出版信息: 北京   科学出版社  2006
页数: 10,292页
开本: 24cm
丛书名: 科学版环境科学与工程精品系列
单 册:
中图分类: X832
科图分类:
主题词: 河流--水质分析--中国
电子资源:
ISBN: 7-03-017071-7
000 01083oam2 2200277 450
001 012004066251
005 20070805152207.59
009 012004066251
010    @a7-03-017071-7@dCNY48.00
035    @a(110019)012006078837
100    @a20060828d2006 em y0chiy0110 ea
101 0  @achi
102    @aCN@b110000
105    @aa z 000yy
106    @ar
200 1  @a河流水质原理及中国河流水质@Ahe liu shui zhi yuan li ji zhong guo he liu shui zhi@f陈静生著@Fchen jing sheng zhu
210    @a北京@c科学出版社@d2006
215    @a10,292页@c图@d24cm
225 2  @a科学版环境科学与工程精品系列@Ake xue ban huan jing ke xue yu gong cheng jing pin xi lie
330    @a本书作者根据个人教学经验对河流水质基本原理做扼要介绍外,重点在于介绍国际上对全球河流水质问题研究的当代进展。并分析阐述了我国河流天然水质的基本特征、成因、区域分布规律及半个世纪以来在人类活动影响下的变化等。
461  0 @12001 @a科学版环境科学与工程精品系列
606 0  @a河流@x水质分析@y中国
690    @aX832@v4
701  0 @a陈静生@Achen jing sheng@4著
801  0 @aCN@b110019@c20070805
905    @dX832@e124@f4
    
    河流水质原理及中国河流水质/陈静生著.-北京:科学出版社,2006
    10,292页:图;24cm.-(科学版环境科学与工程精品系列)
    
    
    ISBN 7-03-017071-7:CNY48.00
    本书作者根据个人教学经验对河流水质基本原理做扼要介绍外,重点在于介绍国际上对全球河流水质问题研究的当代进展。并分析阐述了我国河流天然水质的基本特征、成因、区域分布规律及半个世纪以来在人类活动影响下的变化等。
●
相关链接 在E读中查询图书 在五车中查询图书 在当当中查询图书 在豆瓣中查询图书


正题名:河流水质原理及中国河流水质     索取号:X832/124         预约/预借

序号 登录号 条形码 馆藏地/架位号 状态 备注
1 0851607   208516079   第二样本阅览室/ [索取号:X832/124] 在馆    
2 0851608   208516088   第三借阅区/ [索取号:X832/124] 在馆    
3 0851609   208516097   第三借阅区/ [索取号:X832/124] 在馆    
4 0851610   208516104   第三借阅区/ [索取号:X832/124] 在馆    
唐山师范学院图书馆 欢迎您!
大连网信软件有限公司© 版权所有